| 000 | nam a22 7a 4500 | ||
|---|---|---|---|
| 999 |
_c26472 _d26472 |
||
| 008 | 170204b xxu||||| |||| 00| 0 eng d | ||
| 050 | _aNC 1055 .L5C383 1968 | ||
| 100 | _aVinci, Leonardo da. | ||
| 245 |
_aThe great masters of drawing/ _cLeonard da Vinci. |
||
| 260 |
_aNewYork : _bDover publication, _c1968. |
||
| 300 |
_a32p. : _bill. ; _c28cm. |
||
| 500 | _aInclude index. | ||
| 942 |
_2lcc _cBOOKS |
||